| 000 | 00581nam a2200181 4500 | ||
|---|---|---|---|
| 001 | 111310 | ||
| 003 | ES-MaACL | ||
| 005 | 20230906185300.0 | ||
| 007 | t| | ||
| 008 | 061121s1952 sp r ||||1| spa d | ||
| 100 | 1 |
_aNegrón Colomer, Ángel. _985320 |
|
| 245 | 1 | 0 |
_aCampanario sin cigüeñas / _cÁngel Negrón; prólogo de R. Láinez Alcalá. |
| 260 |
_aSalamanca : _b[s. n.], _c1952 ( _fImp. Galatea) |
||
| 300 |
_a4, XXVII, 2 h. ; _c15 cm. |
||
| 700 | 1 |
_aLáinez Alcalá, Rafael, _d1899-1982 _969691 |
|
| 852 | 4 |
_aES-MaACL _j1945-F-2 _bR.33051 |
|
| 999 |
_c111310 _d111310 |
||